Digital Telephony: (Record no. 595516)
[ view plain ]
| 000 -LEADER | |
|---|---|
| fixed length control field | 00358nam a22001457a 4500 |
| 020 ## - INTERNATIONAL STANDARD BOOK NUMBER | |
| International Standard Book Number | 98141266357 |
| 040 ## - CATALOGING SOURCE | |
| Transcribing agency | NUST |
| 082 ## - DEWEY DECIMAL CLASSIFICATION NUMBER | |
| Classification number | 621.385 BEL |
| 100 ## - MAIN ENTRY--PERSONAL NAME | |
| Personal name | Bellamy, C John |
| 9 (RLIN) | 114122 |
| 245 ## - TITLE STATEMENT | |
| Title | Digital Telephony: |
| 250 ## - EDITION STATEMENT | |
| Edition statement | Third Edition |
| 260 ## - PUBLICATION, DISTRIBUTION, ETC. | |
| Place of publication, distribution, etc. | New York: |
| Name of publisher, distributor, etc. | John Willy & Sons, |
| Date of publication, distribution, etc. | 2003. |
| 650 ## - SUBJECT ADDED ENTRY--TOPICAL TERM | |
| Topical term or geographic name entry element | Digital Telephony |
| 9 (RLIN) | 114123 |
| 942 ## - ADDED ENTRY ELEMENTS (KOHA) | |
| Source of classification or shelving scheme | |
| Koha item type | Book |
| Withdrawn status | Lost status | Source of classification or shelving scheme | Damaged status | Not for loan | Permanent Location | Current Location | Shelving location | Date acquired | Total Checkouts | Full call number | Barcode | Date last seen | Price effective from | Koha item type |
|---|---|---|---|---|---|---|---|---|---|---|---|---|---|---|
| College of Electrical & Mechanical Engineering (CEME) | College of Electrical & Mechanical Engineering (CEME) | Text Books | 08/15/2023 | 621.385 BEL | CEME-41720. | 08/15/2023 | 08/15/2023 | Book |
